[Event "Oberliga NRW 9899 II"]
[Site "Germany"]
[Date "1999.03.16"]
[Round "7.5"]
[White "Forchert, Niko"]
[Black "Claussen, Uwe"]
[Result "1/2-1/2"]
[WhiteElo "2185"]
[BlackElo "2130"]
[PlyCount "82"]
[EventDate "1998.10.10"]
[EventType "team-tourn"]
[EventRounds "9"]
[EventCountry "GER"]
[SourceTitle "EXT 2000"]
[Source "ChessBase"]
[SourceDate "1999.11.16"]
[SourceVersion "1"]
[SourceVersionDate "1999.11.16"]
[SourceQuality "1"]
[WhiteTeam "Detmold"]
[BlackTeam "Wuppertal"]
[WhiteTeamCountry "GER"]
[BlackTeamCountry "GER"]

1. d4 e6 2. Nf3 d5 3. Bf4 Bd6 4. Bxd6 Qxd6 5. c4 dxc4 6. Qa4+ Qc6 7. Qxc6+ Nxc6 8. Na3 Nf6 9. Rc1 Bd7 10. Nxc4 Rc8 11. g3 Nb4 12. a3 Nbd5 13. Bg2 0-0 14. 0-0 Bb5 15. Rfe1 Bxc4 16. Rxc4 Rfd8 17. Rec1 c6 18. b4 Nb6 19. R4c2 Rb8 20. e3 Nfd5 21. Nd2 g5 22. Nb3 f5 23. Nc5 Kf7 24. Re2 h5 25. f4 h4 26. fxg5 hxg3 27. hxg3 Rg8 28. e4 Nc7 29. exf5 exf5 30. Rce1 Nbd5 31. Nd7 Rbd8 32. Ne5+ Kg7 33. Rf2 Rgf8 34. Nd3 Kg6 35. Bxd5 Nxd5 36. Re6+ Kxg5 37. Ne5 Rf6 38. Rxf6 Kxf6 39. g4 f4 40. Kh2 Kg7 41. g5 Ne7 1/2-1/2

[Event "Ruhrgebiet VL2 9798"]
[Site "Ruhrgebiet"]
[Date "1998.??.??"]
[Round "?"]
[White "Remmler, Volker"]
[Black "Claussen, Uwe"]
[Result "1/2-1/2"]
[WhiteElo "2160"]
[BlackElo "2130"]
[PlyCount "45"]
[EventDate "1997.??.??"]
[EventType "team-tourn"]
[EventRounds "9"]
[EventCountry "GER"]
[SourceTitle "EXT 2002"]
[Source "ChessBase"]
[SourceDate "2001.11.25"]
[SourceVersion "1"]
[SourceVersionDate "2001.11.25"]
[SourceQuality "1"]

1. d4 e6 2. c4 d5 3. Nc3 Nf6 4. Bg5 Be7 5. Nf3 h6 6. Bh4 0-0 7. e3 a6 8. Rc1 dxc4 9. Bxc4 b5 10. Bd3 Bb7 11. a4 b4 12. Nb1 Nbd7 13. 0-0 c5 14. Nbd2 cxd4 15. exd4 Nd5 16. Bg3 Rc8 17. Rxc8 Qxc8 18. a5 Qc6 19. Nc4 Rd8 20. Nce5 Nxe5 21. Nxe5 Qe8 22. Qe2 Ra8 23. Re1 1/2-1/2

[Event "Ruhrgebiet VL2 9798"]
[Site "Ruhrgebiet"]
[Date "1997.??.??"]
[Round "?"]
[White "Goldschmidt, Christian"]
[Black "Claussen, Uwe"]
[Result "0-1"]
[WhiteElo "2225"]
[BlackElo "2130"]
[PlyCount "88"]
[EventDate "1997.??.??"]
[EventType "team-tourn"]
[EventRounds "9"]
[EventCountry "GER"]
[SourceTitle "EXT 2002"]
[Source "ChessBase"]
[SourceDate "2001.11.25"]
[SourceVersion "1"]
[SourceVersionDate "2001.11.25"]
[SourceQuality "1"]

1. g3 e5 2. Bg2 Nc6 3. d3 f5 4. c4 Nf6 5. Nc3 g6 6. Bg5 Bg7 7. e3 h6 8. Bxf6 Bxf6 9. Nd5 Bg7 10. b4 Ne7 11. Nxe7 Qxe7 12. Rb1 0-0 13. Ne2 f4 14. Nc3 fxe3 15. fxe3 c6 16. c5 d5 17. cxd6 Qxd6 18. b5 Be6 19. bxc6 bxc6 20. Rf1 Rad8 21. Rxf8+ Bxf8 22. Rb7 Qc5 23. Ne4 Qxe3+ 24. Qe2 Qc1+ 25. Qd1 Qe3+ 26. Qe2 Qc1+ 27. Qd1 Qxd1+ 28. Kxd1 Bg7 29. Rxa7 Rxd3+ 30. Kc2 Rd4 31. Kc3 Bd5 32. Ra8+ Kh7 33. a4 Bxe4 34. Bxe4 Rxe4 35. a5 Ra4 36. Kb3 Ra1 37. Kb4 e4 38. Re8 Rb1+ 39. Kc5 Rb5+ 40. Kxc6 Rxa5 41. Rxe4 Re5 42. Ra4 Re2 43. Rh4 g5 44. Rh5 Rg2 0-1